Вып. 65 : Водоснабжение и канализация; Наука и техника в городском хозяйстве

書誌詳細
Parent link:Наука и техника в городском хозяйстве: республиканский межведомственный научно-технический сборник/ Научно-исследовательский и конструкторско-технологический институт городского хозяйства. Вып. 65 : Водоснабжение и канализация.— , 1964-1990
言語:ロシア語
出版事項: 1987
主題:
フォーマット: 図書
KOHA link:https://koha.lib.tpu.ru/cgi-bin/koha/opac-detail.pl?biblionumber=272808

MARC

LEADER 00000nam2a2200000 4500
001 272808
005 20231101234554.0
035 |a (RuTPU)RU\TPU\book\296017 
035 |a RU\TPU\book\287415 
090 |a 272808 
100 |a 20140618d1987 k y0rusy5003 ca 
101 0 |a rus 
102 |a UA 
105 |a a z 001zy 
200 0 |a Вып. 65 : Водоснабжение и канализация 
210 |d 1987 
215 |d 21 см  |a 103 с.  |c ил. 
320 |a Библиография в конце статей 
461 1 |0 (RuTPU)RU\TPU\book\305977  |t Наука и техника в городском хозяйстве  |o республиканский межведомственный научно-технический сборник  |f Научно-исследовательский и конструкторско-технологический институт городского хозяйства  |v Вып. 65 : Водоснабжение и канализация  |d 1964-1990 
606 1 |a Жилищно-коммунальное хозяйство  |2 stltpush  |3 (RuTPU)RU\TPU\subj\10993  |9 37983 
606 1 |a Водопроводно-канализационное хозяйство  |2 stltpush  |3 (RuTPU)RU\TPU\subj\2912  |9 31409 
610 1 |a городское хозяйство 
610 1 |a водоснабжение 
610 1 |a насосные станции 
610 1 |a управление 
610 1 |a АСУ 
610 1 |a автоматизированные системы управления 
610 1 |a микропроцессорная техника 
610 1 |a питьевая вода 
610 1 |a потери 
610 1 |a сокращение 
610 1 |a сточные воды 
610 1 |a очистка 
610 1 |a водопроводные сооружения 
610 1 |a очистные сооружения 
675 |a 628  |z rus  |v 3 
675 |a 628.1/.2  |v 3 
801 1 |a RU  |b 63413507  |c 20140620 
801 2 |a RU  |b 63413507  |c 20161230  |g RCR 
942 |c BK